[Event "NRW U14 op"]
[Site "Olpe"]
[Date "2005.10.01"]
[Round "2.12"]
[White "Bashylin, Vsevolod"]
[Black "Haag, Manuel"]
[Result "0-1"]
[WhiteElo "1357"]
[BlackElo "870"]
[PlyCount "62"]
[EventDate "2005.10.01"]
[EventType "swiss"]
[EventRounds "7"]
[EventCountry "GER"]
[SourceTitle "CBM 108 Extra"]
[Source "ChessBase"]
[SourceDate "2005.11.04"]
[SourceVersion "1"]
[SourceVersionDate "2005.11.04"]
[SourceQuality "1"]

1. e4 e5 2. Nf3 Nc6 3. Bb5 a6 4. Bxc6 dxc6 5. 0-0 Bd6 6. d4 exd4 7. Nxd4 Nf6 8. Re1 Bc5 9. Nb3 Qxd1 10. Rxd1 Nxe4 11. Nxc5 Nxc5 12. Bf4 Ne6 13. Re1 0-0 14. Nc3 Nxf4 15. Rad1 Bf5 16. Rd2 Rae8 17. Rxe8 Rxe8 18. h3 Re1+ 19. Kh2 g6 20. Rd8+ Kg7 21. Rb8 b6 22. Rb7 Ne6 23. a4 Bxc2 24. a5 bxa5 25. Ra7 Bd3 26. Rb7 h5 27. Rb3 g5 28. g3 h4 29. Ra3 Rf1 30. Rxa5 Nd4 31. Rxg5+ Kf6 0-1